Návrh riešenia na zefektívnenie prevádzkovej spoľahlivosti strojov a zariadení v podmienkach spoločnosti Johns Manville Slovakia, a.s.
Salvato in:
| Autore principale: | |
|---|---|
| Altri autori: | |
| Natura: | Manoscritto Libro |
| Lingua: | slovacco |
| Pubblicazione: |
2017
|
| Soggetti: | |
| Accesso online: | http://is.stuba.sk/zp/portal_zp.pl?podrobnosti=126190 |
| Tags: |
Nessun Tag, puoi essere il primo ad aggiungerne!!
|
MARC
| LEADER | 00000ntm a22000003a 4500 | ||
|---|---|---|---|
| 001 | stuzp62478 | ||
| 003 | SK-STU | ||
| 005 | 20170603210402.7 | ||
| 007 | ta | ||
| 008 | 150427s2015----xo-----f-mn---000-0-slo-d | ||
| 040 | |a STU |b slo | ||
| 041 | 0 | |a slo | |
| 100 | 1 | |a Priesol, Tomáš |u 064000 |k Z4 |4 aut |U MTF Materiálovotechnologická fakulta |T MTF Ústav priemyselného inžinierstva a manažmentu |X 6495 |U M4000 |Y 84 |7 6495 | |
| 242 | 0 | 1 | |a The proposal of solution to streamline operational reliability of machinery and equipment in terms of company Johns Manville Slovakia, a. s. |y eng |
| 245 | 1 | 0 | |a Návrh riešenia na zefektívnenie prevádzkovej spoľahlivosti strojov a zariadení v podmienkach spoločnosti Johns Manville Slovakia, a.s. |
| 260 | |c 2017 | ||
| 650 | 4 | |a údržba |2 slo | |
| 650 | 4 | |a Paretova analýza |2 slo | |
| 650 | 4 | |a FMECA |2 slo | |
| 650 | 4 | |a FMECA |2 eng | |
| 650 | 4 | |a maintenance |2 eng | |
| 650 | 4 | |a Pareto analysis |2 eng | |
| 700 | 1 | |a Samáková, Jana |u 064000 |k Z1 |4 ths |U MTF Materiálovotechnologická fakulta |T MTF Ústav priemyselného inžinierstva a manažmentu |X 33101 |U M4000 |Y 84 |7 A000033101 | |
| 856 | 4 | |u http://is.stuba.sk/zp/portal_zp.pl?podrobnosti=126190 | |
| 996 | |c M* DP-13275 |l MMSKP |s P |a 0 |w stuzp62478_0001 | ||